| 000 | 01339cam a22003254a 4500 | ||
|---|---|---|---|
| 001 | 11988607 | ||
| 003 | OSt | ||
| 005 | 20240406124623.0 | ||
| 008 | 000428s2001 nyua b 001 0 eng | ||
| 010 | _a 00033594 | ||
| 020 | _a0780360192 | ||
| 040 |
_aDLC _cDLC _dDLC |
||
| 042 | _apcc | ||
| 050 | 0 | 0 |
_aQA76.9.M65 _bE843 2001 |
| 082 | 0 | 0 |
_a174.9 ETH 2001 _221 |
| 100 |
_aEdited by Kevin W. Bowyer. _916942 |
||
| 245 | 0 | 0 |
_aEthics and Computing : _bliving responsibly in a computerized world |
| 250 | _a2nd ed. | ||
| 260 |
_aNew York ; _bIEEE Press, _c2001. |
||
| 300 |
_axix, 431 p. : _bill. ; _c28 cm. |
||
| 504 | _aIncludes bibliographical references and index. | ||
| 650 | 0 |
_aComputers morals _96605 |
|
| 650 | 0 |
_aComputers ethics _916943 |
|
| 856 | 4 | 2 |
_3Contributor biographical information _uhttp://www.loc.gov/catdir/bios/wiley043/00033594.html |
| 856 | 4 | 2 |
_3Publisher description _uhttp://www.loc.gov/catdir/description/wiley036/00033594.html |
| 856 | 4 |
_3Table of Contents _uhttp://www.loc.gov/catdir/toc/onix07/00033594.html |
|
| 906 |
_a7 _bcbc _corignew _d1 _eocip _f20 _gy-gencatlg |
||
| 942 |
_2ddc _cSLOAN |
||
| 999 |
_c2889 _d2889 |
||